| 000 | 00629nam a2200205 i 4500 | ||
|---|---|---|---|
| 001 | 141355 | ||
| 003 | ES-MaACL | ||
| 005 | 20250820051418.0 | ||
| 007 | t| | ||
| 008 | 070921s1959 sp ||||1| spa d | ||
| 100 | 1 |
_aWilliam, Franz Michel. _9116902 |
|
| 245 | 1 | 0 |
_aVida de María, la madre de Jesús / _cFranz Michel William ; [traducción de Marcelino Zalba]. |
| 250 | _a7ª ed. | ||
| 260 |
_aBarcelona : _bHerder, _c1959. |
||
| 300 |
_a382 p., 25 h. de lám. ; _c24 cm. |
||
| 600 | 0 | 4 |
_aVirgen María _9115436 |
| 700 | 1 |
_aZalba, Marcelino. _9117869 |
|
| 852 |
_aES-MaACL _jC-18168 |
||
| 999 |
_c141355 _d141355 |
||